| 000 | 00652nam a22001817a 4500 | ||
|---|---|---|---|
| 999 |
_c15019 _d15019 |
||
| 003 | OSt | ||
| 082 | _2631.3 ANI/DE | ||
| 088 | _aP 65 | ||
| 100 |
_aANITHA JOHN _aSHAMSUDEEN K. P _93769 |
||
| 245 | _aDevelopment and testing of a tender coconut punch and splitter | ||
| 260 |
_aTavanur 1997 _bDepartment of Farm Power Machinery and Energy |
||
| 300 | _a32 | ||
| 500 | _aDevelopment and testing of a tender coconut punch and splitter | ||
| 520 | _aDevelopment and testing of a tender coconut punch and splitter | ||
| 700 |
_aEr. Jippu Jacob (Guide) _93623 |
||
| 856 | _uhttps://drive.google.com/open?id=1zv_2dUu3igmNDEXz10gdQbWWXl-V6lH5 | ||
| 942 | _cPR | ||